01323nam a22003014a 4500001001200000003000800012006001900020007001500039008004100054010001700095020001500112040002100127035002000148050002100168082001800189245024800207260005600455300002400511500005100535533015200586650005100738655002900789700001900818700002200837710001700859856012600876999001901002ebr10032442CaPaEBRm u cr cn|||||||||011227s2002 dcua s 001 0 eng  z 2001008623 z0309082625 aCaPaEBRcCaPaEBR a(OCoLC)5395243814aT73b.T37 2002eb04a607.1/07322100aTechnically speakingh[electronic resource] :bwhy all Americans need to know more about technology /cCommittee on Technological Literary, National Academy of Engineering, National Research Council ; Greg Pearson and A. Thomas Young, editors. aWashington, D.C. :bNational Academy Press,cc2002. axii, 156 p. :bill. aIncludes bibliographical references and index. aElectronic reproduction.bPalo Alto, Calif. :cebrary,d2013.nAvailable via World Wide Web.nAccess may be limited to ebrary affiliated libraries. 0aTechnologyxStudy and teachingzUnited States. 7aElectronic books.2local1 aPearson, Greg.1 aYoung, A. Thomas.2 aebrary, Inc.40uhttp://site.ebrary.com/lib/rucke/Doc?id=10032442zAn electronic book accessible through the World Wide Web; click to view c176855d176855